MDQL
is popping MORE tags! Check the
thread
!
Quizzes
Events
Quiz Creation
Community
Videos
Private Events
Remove Ads
Sign In
Join for FREE
Feedback
Dark Mode
Quiz Categories
Sports
Geography
Music
Movies
Television
Just For Fun
Miscellaneous
History
Literature
Language
Science
Gaming
Entertainment
Religion
Holiday
For Kids
Quiz Lab
Recent
Popular Today
Quiz Kudos Today
Editor Picks
Curator Picks
Quizzes by...
Day
Popularity
Type
Ratings
Length
Year
Community
Subscriptions
Recent Discussions
Orange Saloon
Badges
Playlists
Quests
Create
Leaderboards
Showdown
Live 5
Trivia Bingo
Activity
Puzzle Library
Sporcle Events
Private Events
Virtual Trivia
Globe League
Become a Host
Pub Owners
SporcleCon
Opinionation
Our Games
Videos
Blog
Mobile Apps
Partnerships
Remove Ads and Go Orange
Feedback
Music
Pop Music
The Beatles
Song
Album
Lyrics
Bands
Singers
Artist
Clip
Rock
Rap
Classical
Billboard
Country Music
Kpop
Taylor Swift
Music
Pop Music
The Beatles
Song
Album
Lyrics
Bands
Singers
Artist
Clip
Rock
Rap
Classical
Billboard
Country Music
Kpop
Taylor Swift
Random Quiz
Search Sporcle
×
Quiz Lab
Quiz Lab
Music
fear
Type in answers that appear in a list
Type in answers that appear in a list
Classic
Best Score? Go Orange.
Guess These Tears For Fears Lyrics? Stats
Can you name the Guess These Tears For Fears Lyrics??
By
switchfootgirl
9m
161 Questions
437 Plays
437 Plays
437 Plays
Comments
Comments
Give Quiz Kudos
Give Quiz Kudos
-
- Ratings
hide this ad
Replay
Link that replays current quiz
Next Quiz
Link to next quiz in quiz playlist
You Got
0%
They Got
Avg Score
72%
Avg Friend Score
Upgrade to see
Score Distribution
Jump to the score distribution portion of the page
Score
0/161
Timer
09:00
0
Plays Today
% Correct
the
94.5%
the
94.5%
and
94.5%
the
94.5%
a
94.5%
the
94.5%
the
94.5%
the
94.5%
a
94.5%
the
94.5%
the
94.5%
and
94.5%
the
94.5%
you
90.6%
you
90.6%
you
90.6%
to
89.2%
to
89.2%
to
89.2%
to
89.2%
to
89.2%
to
89.2%
to
89.2%
to
89.2%
to
89.2%
ever
86%
ever
86%
we
85.8%
we
85.8%
on
82.8%
on
82.8%
world
82.6%
world
82.6%
world
82.6%
world
82.6%
world
82.6%
world
82.6%
your
82.4%
your
82.4%
your
82.4%
no
82.2%
wants
82.2%
wants
82.2%
wants
82.2%
wants
82.2%
wants
82.2%
wants
82.2%
rule
81.9%
rule
81.9%
be
81.9%
rule
81.9%
rule
81.9%
rule
81.9%
rule
81.9%
% Correct
Everybody
81.2%
Everybody
81.2%
it
81.2%
it
81.2%
Everybody
81.2%
Everybody
81.2%
it
81.2%
it
81.2%
Everybody
81.2%
Everybody
81.2%
life
78.3%
there's
77.8%
There's
77.8%
me
76.7%
me
76.7%
So
76%
So
76%
back
74.8%
back
74.8%
find
74.6%
find
74.6%
will
74.4%
Welcome
74.1%
my
74.1%
my
74.1%
do
73.9%
Turn
73.7%
they
72.8%
they
72.8%
turning
72.3%
Of
71.6%
of
71.6%
of
71.6%
Mother
71.4%
where
71.2%
while
70.9%
while
70.9%
When
70.9%
best
70.7%
Nature
70.3%
for
70%
for
70%
Even
68.9%
Acting
68.6%
It's
67.7%
it's
67.7%
sleep
66.8%
won't
66.6%
I'll
66.4%
come
65.9%
behavior
65.4%
Nothing
65.2%
Nothing
65.2%
right
65%
% Correct
make
64.5%
down
64.5%
behind
64.3%
forever
64.1%
forever
64.1%
lasts
63.8%
lasts
63.8%
light
63.6%
had
63.4%
that
62.5%
freedom
62%
freedom
62%
walls
61.8%
tumbling
61.8%
own
61.6%
own
61.6%
pleasure
61.6%
pleasure
61.6%
sad
61.3%
never
61.3%
never
61.3%
never
61.3%
room
61.1%
Help
60.4%
help
60.4%
hands
60.2%
Holding
60%
Say
59.3%
most
59%
glad
59%
made
58.8%
decide
58.1%
almost
57.2%
you'll
56.8%
All
54.9%
remorse
52.2%
One
51.7%
can't
51.3%
this
51%
we've
50.8%
why
50.6%
fade
50.3%
design
49.9%
need
48.3%
with
46.7%
believe
43%
vision
41%
lack
40.7%
stand
40%
indecision
38.7%
headline
38.4%
I
38.2%
Married
37.3%
Quiz Playlist
Details
Report
Send in Message
Add To Playlist
Classic:
Type in answers that appear in a list
Quiz Source
Last Updated: Feb 16, 2017
Quiz Scoreboard
CHALLENGE
Sign Up to Join the Scoreboard
Show All
Scores
Hide
Comments
May contain spoilers
Recently Published
Colored Red Africa Blitz
by spor1
Geography
30s
Find the 'City' Movie
by crazypaving
Movies
60s
5x2 Blitz: Bands
by SL_Kpop136
Music
30s
More to Explore
Quiz From the Vault
Featured Blog Post
14 Easter Pick-up Lines to Find Eggs With
hide this ad
You Might Also Like...
Tags
fear
tear
Today's Top Quizzes in Music
Browse Music
hide this ad
Today's Top Quizzes in fear
Browse fear
Top Contributed Quizzes in Music
1
5X2 Blitz: Bands II
2
Taylor Swift All Songs (2024)
3
5X2 Blitz: The Beatles
4
5X2 Blitz: Billboard
5
Taylor Swift Logic Puzzle
6
Taylor Swift Logic Puzzle II
7
5X2 Blitz: Album
8
5X2 Blitz: Billboard II
9
Music Artist by Three 2010s hits
10
5X2 Blitz: Rock
Explore More
Trending Topics
Kpop
Harry Potter
NBA
Crossword
Anime
Marvel
Disney
NFL
Country
Song
Pokémon
Puzzle
The Office
WWE
Soccer
hide this ad
More By:
switchfootgirl
Quiz
Plays
Rating
Category
Featured
Created
Pick the Songs on Nevermind
8,100
4.74
Music
May 11, 2012
Click In The Blank (Movies)
6,122
3.86
Movies
May 1, 2012
Top 50 Girl Baby Names 2005
4,946
3.79
Miscellaneous
Oct 14, 2009
Click In The Blank (Songs)
3,724
4.57
Music
May 1, 2012
Top 300 Songs Of All Time
1,552
5.00
Music
Jun 17, 2012
Go to Creator's Profile
Score Distribution
Quiz Creator Spotlight
switchfootgirl
Follow
Send a Message
Quizzes Created
-
Created Quiz Play Count
-
More By This Creator
Popular Quizzes Today
1
5x2 Blitz: Bands
2
Find the 'City' Movie
3
Colored Red Africa Blitz
4
Find the US States - No Outlines Minefield
5
The Countries of the World
6
Find the US States
7
9x9 Crossword: Cartoon Network
8
US States
More Music Quizzes
Love Yourself: Answer Crossword
Quiz Lab
Trending Quizzes
Colored Red Africa Blitz II
Colored Red Europe Blitz I
Christmas Pick: Judaism
Colored Red Africa Blitz III
Colored Red Europe Blitz II
Recently Updated
Champions League XIs: Real Madrid
pecheneg
Largest US Cities 1790-2010
pecheneg
Rides in Walt Disney World
pecheneg
Most Oscar Losses (Acting)
pecheneg
Beyoncé Albums
pecheneg
Leaping Animals
pecheneg
Reality TV Shows (A-Z)
bhenderson79
Rickey Henderson's Hall of Fame Teammates
pecheneg
Champions League XIs: Arsenal
pecheneg
Quick Pick: Celebrities in WWE's Hall of Fame
aduchscher
Trending Topics
Kpop
Crossword
Harry Potter
Disney
NBA
Marvel
Anime
WWE
Pokémon
Song
Country
Puzzle
NFL
The Office
Soccer
Your Account Isn't Verified!
In order to create a playlist on Sporcle, you need to verify the email address you used during registration. Go to your
Sporcle Settings
to finish the process.
Report this User
Report this user for behavior that violates our
Community Guidelines
.
Details:
Send Report
Go to the Sporcle.com Mobile Site →
Comments